000 01090naa a22003377a 4500
001 BR8106331
003 BR-BrBNA
005 20240918174950.0
007 ta
008 230509b bl.||||| |||| 00| 0 por d
040 _aBR-BrBNA
_bpor
_cBiblioteca Nacional de Agricultura
041 _a(De, Pt)
072 _aM10; L40
_b8140
_bG514
090 _aM10 BR8106331
100 1 _aVon Ihering, R.
100 1 _aAzevedo, P. de
245 1 _aA curimata dos acudes nordestinos (Prochilodus argenteus)[Brasil]
260 3 _aFortaleza, CE (Brasil):
_c1981.
500 _a2. Coletanea de trabalhos tecnicos. Pesca e piscicultura Fortaleza, CE (Brasil): 1981. p. 227-306 (BR8106331-AM)M10
650 _aCURIMATA
650 _aANATOMIA ANIMAL
650 _aCRESCIMENTO
650 _aDESOVA
650 _aFECUNDACAO
650 _aPESCA
650 _aACUDE
650 _aREGIAO NORDESTE
773 0 _t2. Coletanea de trabalhos tecnicos. Pesca e piscicultura
_wM10 BR8106331
_gFortaleza, CE (Brasil), 1981. p. 227-306
909 _a202404
_bLucia
_c55
_dLucia Elande
942 _cAM
_2AGRIS
999 _c314399
_d314399